| 000 | 00648nam a2200181Ia 4500 | ||
|---|---|---|---|
| 008 | 090123s9999 xx 000 0 und d | ||
| 082 | _b34298 | ||
| 100 | _aचंदनशिव भास्कर तात्याबा | ||
| 245 | _aमाती आणि नाती | ||
| 250 | _a0 | ||
| 260 | _bनिर्मल प्रकाशन | ||
| 300 | _a176 | ||
| 600 | _aचंदनशिव भास्कर तात्याबा | ||
| 630 | _aमाती आणि नाती | ||
| 700 | _aचंदनशिव भास्कर तात्याबा | ||
| 730 | _aमाती आणि नाती | ||
| 942 | _cBOOK | ||
| 999 |
_c72339 _d72339 |
||